000 00600nam a2200241Ia 4500
003 OSt
005 20221007075837.0
006 a|||||r|||| 00| 0
007 ta
008 221006b |||||||| |||| 00| 0 eng d
024 _a43,304
037 _cTextual
040 _aFLL
_cFLL
_beng
041 _2eng
_aeng
082 _aP111:20bZ, Q4
100 _aMckay W.R.
_9694288
245 0 _aLegal english
250 _a2nd
260 _aNew Delhi
_bPearson India
_c2014
300 _a244 x
_ccm.
942 _hP111:20bZ, Q4
_cTEXL
_2CC
999 _c1157558
_d1157558